[Event "icn3g3r1,Narbonne-Montpellier Européen"]
[Site "?"]
[Date "2003.10.12"]
[Round "?"]
[White "Py, Jean"]
[Black "Desnos, Alexandre"]
[Result "1-0"]
[WhiteElo "2157"]
[BlackElo "2132"]
[EventDate "2003.11.21"]
[PlyCount "153"]

1.d4 d5 2.Nf3 Nf6 3.Bf4 c6 4.e3 Bg4 5.Be2 e6 6.h3 Bxf3 7.Bxf3 Bd6 8.Bxd6 
Qxd6 9.O-O Nbd7 10.Nd2 O-O 11.c4 b6 12.Rc1 Rac8 13.a3 c5 14.cxd5 exd5 15.
Nb1 c4 16.Nc3 a6 17.Qc2 b5 18.Rcd1 Rfd8 19.Rfe1 Nf8 20.g3 Qb6 21.Ra1 Ne6 
22.h4 h6 23.Qf5 Qd6 24.g4 Nc7 25.g5 Nh7 26.gxh6 gxh6 27.Kh1 Qf6 28.Rg1+ 
Kh8 29.Qh3 Rb8 30.Rg4 a5 31.Rf4 Qe6 32.Bg4 Qe7 33.Bf5 Ne6 34.Rf3 Ng7 35.
Bxh7 Kxh7 36.Rg1 b4 37.Qg4 f5 38.Qg6+ Kg8 39.Qxh6 bxc3 40.bxc3 Rb7 
    ( 40...Rd6 $1 41.Qh5 Rb1 42.Rg3 Rxg1+ 43.Kxg1 Qf7 $19 )
41.Rxg7+ Qxg7 42.Rg3 Rdb8 43.Kg2 Kf8 44.Rxg7 Rxg7+ 45.Kf3 Rb3 46.h5 f4 47.
Qd6+ Kg8 48.Qxd5+ Rf7 49.Qxc4 fxe3+ 50.Kxe3 Rb7 51.Qd5 Kf8 52.f3 Rbe7+ 53.
Kf2 Rf6 54.Qxa5 Ref7 55.Qc5+ Kg8 56.Qd5 Rf5 57.Qe4 Rf4 58.Qa8+ Kg7 59.a4 
Rc7 60.Qa5 Rcf7 61.Qg5+ Kh8 62.Qg3 R4f5 63.Qh3 Ra5 64.Qc8+ Kg7 65.Qg4+ Kh8
66.h6 Kh7 67.Qe6 Raf5 68.Qe3 R5f6 69.c4 Rxh6 70.Qe4+ Kg7 71.c5 Rh2+ 72.Kg3
Ra2 73.d5 Kf6 74.Qe6+ Kg7 75.d6 Ra3 76.Qg4+ Kf8 77.c6 1-0

[Event "icn3g3r1,Narbonne-Montpellier Européen"]
[Site "?"]
[Date "2003.10.12"]
[Round "?"]
[White "Puig, Jacques"]
[Black "Tesson, M."]
[Result "1-0"]
[WhiteElo "2000"]
[BlackElo "1730"]
[EventDate "2003.11.21"]
[PlyCount "149"]

1.d4 e6 2.c4 d5 3.Nf3 Nf6 4.Nc3 Bb4 5.e3 O-O 6.a3 Bxc3+ 7.bxc3 b6 8.cxd5 
Nxd5 9.c4 Ne7 10.Bd3 Ng6 11.O-O Bb7 12.Qe2 Nd7 13.Rd1 Qe7 14.Bb2 c5 15.
Rac1 Rfe8 16.Ne5 Ndxe5 17.dxe5 Rad8 18.Qg4 Qh4 19.Qe2 Qe7 20.h3 Ba8 21.Qg4
Qb7 22.e4 Ne7 23.h4 Nf5 24.Bc2 Nd4 25.Bxd4 Rxd4 26.Rxd4 cxd4 27.Rd1 Rd8 
28.Qg5 Qd7 29.g4 h6 30.Qf4 Qe7 31.Qg3 Qc5 32.g5 hxg5 33.Qxg5 Qf8 34.h5 f6 
35.Qg4 Qf7 36.Qh4 Qf8 37.Qg3 Kf7 38.Kh2 fxe5 39.Rg1 Kg8 40.Qxe5 Qf7 41.f4 
d3 42.Bd1 Rf8 43.f5 exf5 44.h6 Qf6 45.Qxf6 Rxf6 46.exf5 Rxh6+ 47.Kg3 Rc6 
48.Bb3 Kf8 49.Kf4 Rd6 50.Ke5 Rd7 51.f6 gxf6+ 52.Kxf6 Rf7+ 53.Ke5 Re7+ 54.
Kd6 Rg7 55.Rf1+ Rf7 56.Rd1 Be4 57.c5 Rf2 58.c6 Rf6+ 59.Ke5 Rxc6 60.Kxe4 
Rc3 61.Rxd3 Rxd3 62.Kxd3 Ke7 63.Bc4 Kd6 64.Kd4 Kc7 65.Ba6 Kc6 66.a4 Kd6 
67.Kc4 Ke6 68.Bb7 Kd7 69.Kd3 Kc7 70.Bf3 Kb8 71.Kc4 Kc7 72.Kb5 Kc8 73.Ka6 
Kb8 74.Be4 Kc7 75.Kxa7 1-0

[Event "icn3g3r1,Narbonne-Montpellier Européen"]
[Site "?"]
[Date "2003.10.12"]
[Round "?"]
[White "Inouss, Badr"]
[Black "Martinez, G."]
[Result "1/2-1/2"]
[WhiteElo "2021"]
[BlackElo "2080"]
[EventDate "2003.11.21"]
[PlyCount "56"]

1.e4 c5 2.Nf3 Qa5 3.Nc3 Nc6 4.Bc4 a6 5.a4 b5 6.axb5 Qxa1 7.bxc6 dxc6 8.Ne5
e6 9.Na2 Nf6 10.Qf3 Bd6 11.Nd3 e5 12.h3 Be6 13.Bxe6 fxe6 14.Nc3 c4 15.O-O 
cxd3 16.Qxd3 Rd8 17.Qc4 O-O 18.Na4 Bb8 19.d3 Rd4 20.Qxe6+ Kh8 21.b3 Rxa4 
22.bxa4 Qxa4 23.Bg5 c5 24.Bxf6 gxf6 25.Qe7 Qe8 26.Qxc5 Rg8 27.g4 Qh5 28.
Qb6 Rxg4+ 1/2-1/2

[Event "icn3g3r1,Narbonne-Montpellier Européen"]
[Site "?"]
[Date "2003.10.12"]
[Round "?"]
[White "Hassan, M"]
[Black "Couty, Olivier"]
[Result "1-0"]
[WhiteElo "2021"]
[BlackElo "2150"]
[EventDate "2003.11.21"]
[PlyCount "71"]

1.e4 c5 2.c3 d5 3.exd5 Qxd5 4.Nf3 Nf6 5.d4 cxd4 6.cxd4 e6 7.Nc3 Qd8 8.Bc4 
Be7 9.O-O O-O 10.Be3 a6 11.a4 Nc6 12.Qe2 Nb4 13.Rac1 Nbd5 14.Ne5 Bd7 15.b3
Rc8 16.Nxd5 exd5 17.Bd3 Ne4 18.Rxc8 Bxc8 19.Rc1 f5 20.f3 Nd6 21.Qc2 Bg5 
22.Bxg5 Qxg5 23.Re1 Qf6 24.Qc5 Nf7 25.Nxf7 Qxf7 26.Re7 b6 27.Rxf7 bxc5 28.
Rxf8+ Kxf8 29.dxc5 a5 30.Kf2 Ke7 31.Ke3 g6 32.Kd4 Ke6 33.f4 h6 34.h4 Kf6 
35.c6 Ke6 36.Kc5 1-0

[Event "icn3g3r1,Narbonne-Montpellier Européen"]
[Site "?"]
[Date "2003.10.12"]
[Round "?"]
[White "Desnos, O."]
[Black "Ruiz-Pacheco, R."]
[Result "1-0"]
[WhiteElo "1390"]
[BlackElo "1230"]
[EventDate "2003.11.21"]
[PlyCount "160"]

1.e4 e5 2.Nf3 Nc6 3.Bb5 Nf6 4.O-O Nxe4 5.Re1 Nf6 6.Bxc6 dxc6 7.Nxe5 Be7 8.
d4 O-O 9.c3 Be6 10.Bg5 c5 11.Bxf6 Bxf6 12.Nf3 Qd5 13.dxc5 Qxc5 14.Nbd2 
Rad8 15.Qe2 Rfe8 16.Ne4 Qf5 17.Ng3 Qd3 18.Qxd3 Rxd3 19.Ne4 Bd8 20.Rad1 
Rxd1 21.Rxd1 Bxa2 22.h3 h6 23.Nc5 b6 24.Nd7 Bb3 25.Rd4 Re2 26.Nde5 Bf6 27.
Rb4 Rxb2 28.Nd3 Rb1+ 29.Kh2 a5 30.Re4 Kf8 31.Nd2 Rd1 32.Nxb3 Rxd3 33.Nd4 
Rxc3 34.Nb5 Rc2 35.f3 a4 36.Rxa4 Be5+ 37.f4 Bf6 38.Kg3 c6 39.Nc7 Rc3+ 40.
Kh2 Bd8 41.Ra8 Ke7 42.Ra7 Kd7 43.Nb5+ Bc7 44.Nxc3 b5 45.g3 b4 46.Ne4 Kc8 
47.h4 f5 48.Nd2 Kb8 49.Ra1 Kb7 50.Nb3 Bb6 51.Re1 Bd8 52.h5 Kb6 53.Re8 Kc7 
54.Nc5 Bf6 55.Na6+ Kd7 56.Re2 b3 57.Nc5+ Kd6 58.Nxb3 Kd5 59.Kg2 c5 60.Rd2+
Bd4 61.Kf3 Kc4 62.Nxd4 cxd4 63.Ke2 Kc3 64.Rd3+ Kc4 65.Rf3 Kd5 66.Kd3 Kc5 
67.Rf1 Kd5 68.Ra1 Kc5 69.Ra5+ Kd6 70.Rxf5 Ke6 71.Ra5 Kf6 72.Kxd4 g6 73.
hxg6 Kxg6 74.g4 Kf6 75.Ra6+ Kg7 76.Ke5 Kf7 77.f5 Kg7 78.Ra7+ Kf8 79.Ke6 
Kg8 80.Kf6 Kf8 1-0

[Event "icn3g3r1,Narbonne-Montpellier Européen"]
[Site "?"]
[Date "2003.10.12"]
[Round "?"]
[White "Desnos, Nicolas"]
[Black "Guerin, Gilles"]
[Result "0-1"]
[WhiteElo "2086"]
[BlackElo "2191"]
[EventDate "2003.11.21"]
[PlyCount "65"]

1.c4 e5 2.Nc3 Nf6 3.g3 Bc5 4.Bg2 c6 5.e4 d6 6.Nge2 h5 7.d4 exd4 8.Nxd4 Qb6
9.Be3 Ng4 10.O-O Nxe3 11.fxe3 Qxb2 12.Na4 Qa3 13.Nxc5 Qxc5 14.Qf3 O-O 15.
Nf5 Bxf5 16.exf5 Nd7 17.Qxh5 Qxe3+ 18.Kh1 Nf6 19.Qh4 Rae8 20.g4 Qh6 21.Qg3
Re3 22.Qxd6 Rfe8 23.Qd4 Qh4 24.Bf3 Nh5 25.Qd6 Qh3 26.gxh5 Rxf3 27.Rg1 Rxf5
28.Qd7 Qf3+ 29.Rg2 Rfe5 30.Rg1 Re1 31.Qd4 Rxg1+ 32.Qxg1 Re2 33.h6 0-1

[Event "icn3g3r1,Narbonne-Montpellier Européen"]
[Site "?"]
[Date "2003.10.12"]
[Round "?"]
[White "De la Torre, Igor"]
[Black "Bertrand, Frederic"]
[Result "1-0"]
[WhiteElo "2184"]
[BlackElo "2241"]
[EventDate "2003.11.21"]
[PlyCount "95"]

1.e4 e5 2.Nf3 Nc6 3.Bb5 a6 4.Ba4 Nf6 5.O-O Be7 6.Qe2 b5 7.Bb3 O-O 8.c3 d6 
9.d4 Bg4 10.Rd1 exd4 11.cxd4 d5 12.e5 Ne4 13.Nc3 Nxc3 14.bxc3 Na5 15.Bc2 
Qd7 16.h4 Rae8 17.Qd3 g6 18.Bh6 f6 19.Bxf8 Rxf8 20.e6 Qxe6 21.Re1 Qd7 22.
Nd2 Bf5 23.Qe2 Bd6 24.Bxf5 Qxf5 25.Nf1 Kg7 26.Ne3 Qe4 27.g3 c6 28.Qg4 f5 
29.Qxe4 fxe4 30.Reb1 Ba3 31.Nc2 Be7 32.a4 Nc4 33.axb5 axb5 34.Ra7 Rf7 35.
Rc7 Na5 36.Ra1 Bd8 37.Rc8 Bb6 38.Nb4 Rc7 39.Ra8 Nc4 40.R1a6 Rf7 41.Nxc6 
Rf3 42.Rb8 e3 43.fxe3 Nxe3 44.Rbxb6 Rf1+ 45.Kh2 Rf2+ 46.Kh3 h5 47.Rb7+ Kh6
48.Ne5 1-0

[Event "icn3g3r1,Narbonne-Montpellier Européen"]
[Site "?"]
[Date "2003.10.12"]
[Round "?"]
[White "Ballester, Jonathan"]
[Black "Barthelemy, Guy"]
[Result "0-1"]
[WhiteElo "1820"]
[BlackElo "2000"]
[EventDate "2003.11.21"]
[PlyCount "80"]

1.e4 e6 2.d4 d5 3.Nd2 Ne7 4.c3 b6 5.Bd3 c5 6.Ne2 a5 7.O-O Ba6 8.Bc2 Nbc6 
9.Nf3 Ng6 10.Re1 Be7 11.exd5 Qxd5 12.Bxg6 hxg6 13.Nf4 Qf5 14.d5 exd5 15.
Nxd5 Rd8 16.Nc7+ Kf8 17.Qb3 Bd3 18.Qxb6 Be4 19.Be3 Bxf3 20.gxf3 Ne5 21.
Red1 Nxf3+ 22.Kf1 Nxh2+ 23.Ke1 Nf3+ 24.Ke2 Qc2+ 25.Kxf3 Rxd1 26.Rxd1 Qxd1+
27.Ke4 Rh4+ 28.f4 Qc2+ 29.Kd5 Rh5+ 30.Kc6 Qe4+ 31.Kb5 Kg8 32.Bc1 Qc2 33.
Qb8+ Kh7 34.Qe8 Qxc1 35.Qxe7 Qxb2+ 36.Kxa5 Qxc3+ 37.Kb6 Qb2+ 38.Ka7 c4 39.
Qxf7 Ra5+ 40.Na6 Qb5 0-1

[Event "icn3g3r1,Montpellier Echecs-CEI Toulous"]
[Site "?"]
[Date "2003.10.12"]
[Round "?"]
[White "Selcer, Ethan"]
[Black "Bouhana, PA."]
[Result "0-1"]
[WhiteElo "1890"]
[BlackElo "1990"]
[EventDate "2003.11.21"]
[PlyCount "58"]

1.e4 e5 2.Nf3 Nc6 3.Bb5 f5 4.Nc3 fxe4 5.Nxe4 d5 6.Nxe5 dxe4 7.Nxc6 Qg5 8.
Qe2 Nf6 9.f4 Qxf4 10.d4 Qd6 11.d5 $2 
    ( 11.Nxa7+ Bd7 12.Bxd7+ Qxd7 $11 )
11...Bd7 
    ( 11...a6 $1 12.Ba4 Bd7 $19 )
12.Nd4 Qxd5 13.Bxd7+ Qxd7 14.Be3 Bd6 15.O-O-O a6 16.h3 O-O-O 17.Qc4 Rhe8 
18.Rhf1 Re5 19.Bf4 Rd5 
    ( 19...Rc5 $5 20.Qb3 Bxf4+ 21.Rxf4 Rd5 $19 )
20.c3 
    ( 20.Bxd6 $19 Qxd6 21.c3 c5 22.b4 b5 23.bxc5 Qxc5 24.Qxc5+ Rxc5 )
20...Bxf4+ 21.Rxf4 b5 22.Qb4 c5 23.Qa5 Qd6 24.c4 $4 
    ( 24.Rf2 )
24...Rxd4 
    ( 24...Qxf4+ 25.Kb1 Rxd4 )
25.Rxd4 Qxf4+ 26.Kc2 Qf2+ 27.Kc1 Qxd4 28.Qxa6+ Kd7 29.Qxb5+ Ke7 0-1

[Event "icn3g3r1,Montpellier Echecs-CEI Toulous"]
[Site "?"]
[Date "2003.10.12"]
[Round "?"]
[White "Schoucair, Henry"]
[Black "Mohtaji, Javad"]
[Result "1-0"]
[WhiteElo "2084"]
[BlackElo "2039"]
[EventDate "2003.11.21"]
[PlyCount "71"]

1.e4 c5 2.Nf3 e6 3.d4 cxd4 4.Nxd4 a6 5.c4 Nf6 6.Nc3 Qc7 7.Be3 Be7 8.Be2 
Nc6 9.O-O b6 10.Rc1 Bb7 11.Nxc6 dxc6 12.Qb3 Nd7 13.Na4 c5 14.f3 O-O 15.
Rfd1 Bd8 16.Rd2 Bc6 17.Rcd1 Rb8 18.Nc3 Bf6 19.Nb5 axb5 20.cxb5 Ne5 21.bxc6
Nxc6 22.Qc2 Be5 23.Bb5 Bxh2+ 24.Kh1 Ne5 25.Be2 Bg3 26.f4 Nc6 27.Rd7 Qc8 
28.Bb5 Nd4 29.Qd3 Nxb5 30.Qxb5 Bh4 31.Kh2 Re8 32.g3 Be7 33.Qa4 Kf8 34.Qa7 
Qc6 $4 
    ( 34...Ra8 $15 )
35.Rxe7 Rxe7 36.Qxb8+ 1-0

[Event "icn3g3r1,Montpellier Echecs-CEI Toulous"]
[Site "?"]
[Date "2003.10.12"]
[Round "?"]
[White "Rasse, Charlotte"]
[Black "Brauckmann, Hartwich"]
[Result "0-1"]
[WhiteElo "1790"]
[BlackElo "1820"]
[EventDate "2003.11.21"]
[PlyCount "68"]

1.d4 Nf6 2.Nf3 e6 3.e3 c5 4.c4 cxd4 5.exd4 Be7 6.Nc3 d5 7.c5 a6 8.Bd3 O-O 
9.O-O Re8 10.Re1 Bd7 11.Qc2 g6 12.Ne2 Nc6 13.a3 Rc8 14.h3 e5 15.dxe5 Nxe5 
16.Nxe5 Bxc5 17.Nc3 Bd6 18.Bf4 d4 19.Nxf7 Kxf7 20.Bxd6 dxc3 21.Qb3+ Be6 
22.Qxb7+ Kg8 23.Qxa6 
    ( 23.Be5 $5 )
23...Ra8 24.Qc6 Rc8 25.Qf3 Qxd6 26.Qxf6 Qxd3 27.Rxe6 Rf8 28.Qe5 c2 29.Qe1 
Qb3 30.Re7 Qxb2 31.Qe6+ $4 
    ( 31.Rc1 $14 )
31...Kh8 32.Qe5+ Qxe5 33.Rxe5 c1=Q+ 34.Rxc1 Rxc1+ 0-1

[Event "icn3g3r1,Montpellier Echecs-CEI Toulous"]
[Site "?"]
[Date "2003.10.12"]
[Round "?"]
[White "Panthioukhine, M."]
[Black "Renaux, Osmin"]
[Result "1-0"]
[WhiteElo "2020"]
[BlackElo "1870"]
[EventDate "2003.11.21"]
[PlyCount "55"]

1.f4 e5 2.fxe5 d6 3.exd6 Bxd6 4.Nf3 g5 5.g3 g4 6.Nh4 Ne7 7.Bg2 Ng6 8.Nxg6 
hxg6 9.d4 Rxh2 10.Qd3 Rxh1+ 11.Bxh1 c6 12.e4 Qa5+ 13.Kf2 Qh5 14.Bg2 Na6 
15.Bd2 Bd7 16.Na3 Bxa3 17.Rh1 Qb5 18.Rh8+ $6 
    ( 18.Qxb5 cxb5 19.bxa3 Rc8 20.c3 $18 )
18...Bf8 19.Qa3 
    ( 19.Qxb5 cxb5 20.Bh6 Ke7 $17 )
19...O-O-O $2 
    ( 19...c5 $1 $19 )
20.Rxf8 Qc4 $4 
    ( 20...Nc7 $16 )
21.Rxd8+ 
    ( {ou} 21.Qe7 $1 Be8 22.Rxe8 Qxd4+ 23.Be3 Qd7 $18 )
21...Kxd8 22.Qf8+ Be8 23.Bg5+ Kc7 24.Qxe8 Qxc2+ 25.Kg1 Qd1+ 26.Kh2 Qxd4 
27.Qxf7+ Kb6 28.Bf6 1-0

[Event "icn3g3r1,Montpellier Echecs-CEI Toulous"]
[Site "?"]
[Date "2003.10.12"]
[Round "?"]
[White "Hutin, Christophe"]
[Black "Patrat, Joel"]
[Result "1-0"]
[WhiteElo "2102"]
[BlackElo "2017"]
[EventDate "2003.11.21"]
[PlyCount "145"]

1.e4 c5 2.Nf3 e6 3.b3 Qc7 4.Bb2 Nc6 5.c4 d6 6.Nc3 a6 7.d4 cxd4 8.Nxd4 Nf6 
9.Be2 Be7 10.O-O O-O 11.Kh1 h6 12.f4 Bd7 13.f5 Nxd4 14.Qxd4 Bc6 15.Rf3 e5 
16.Qd3 Kh7 17.Rh3 Ng8 18.Rd1 Rad8 19.Bc1 Qc8 20.Bf3 f6 21.g4 g5 22.fxg6+ 
Kxg6 23.Be3 Rf7 24.a4 Qe6 25.Bb6 Re8 26.Nd5 Bf8 27.Ne3 Rd7 28.Nf5 Kh7 29.
Be3 Qf7 30.Rg1 Re6 31.Rgg3 Qg6 32.Rh5 Kh8 33.Rgh3 Rh7 34.Qd2 Be8 35.a5 Bc6
36.Qd3 Bd7 37.Qd2 Bc6 38.Qd3 Bd7 39.Bb6 Bc6 40.Qe3 Re8 41.Rg3 Bd7 42.Qd2 
Bc6 43.Bg2 Re6 44.Qe2 Be8 45.Rhh3 Bc6 46.Rd3 Rd7 47.Rd1 Kh7 48.Rhd3 Be7 
49.c5 $6 Bf8 
    ( 49...Bb5 $5 )
50.R3d2 Bb5 51.Qf3 Bc6 52.cxd6 Re8 53.Bf1 Rc8 54.Bc4 Re8 55.Be3 Kh8 56.Bd5
Bb5 57.Nh4 Qg7 58.Nf5 Qg6 59.Bc5 Kh7 60.b4 Kh8 61.Rg1 Qg5 62.Be3 Qg6 63.
Bc5 Qg5 64.Rf2 Bg7 65.Qb3 Bf8 66.h4 Qg6 67.Qf3 Bg7 68.Rh2 Rf8 69.Qb3 Qh7 
70.h5 Re8 71.Bf7 Red8 72.Bg6 Bc6 73.Re1 1-0

[Event "icn3g3r1,Montpellier Echecs-CEI Toulous"]
[Site "?"]
[Date "2003.10.12"]
[Round "?"]
[White "Guennoun, Anthony"]
[Black "Brethes, Francois"]
[Result "1-0"]
[WhiteElo "2114"]
[BlackElo "2101"]
[EventDate "2003.11.21"]
[PlyCount "71"]

1.e4 e6 2.d4 d5 3.Nd2 Nf6 4.e5 Nfd7 5.Bd3 c5 6.c3 Nc6 7.Ne2 cxd4 8.cxd4 f6
9.exf6 Nxf6 10.Nf3 Bd6 11.O-O O-O 12.Bf4 Ng4 13.Bxd6 Qxd6 14.Ng3 e5 15.
dxe5 Ncxe5 16.Nxe5 Qxe5 17.Qc2 g6 18.h3 Nh6 19.Rae1 Qd6 20.Qe2 Bd7 21.Qe7 
Qxe7 22.Rxe7 Bc6 23.Ne2 Nf5 24.Bxf5 Rxf5 25.Nd4 Rf7 26.Rxf7 Kxf7 27.Rc1 
Rc8 28.f4 Kf6 29.Kf2 a6 30.g4 h6 31.Ke3 Bd7 32.Rxc8 Bxc8 33.Nf3 Be6 34.Kd4
h5 35.g5+ Kf5 $4 
    ( 35...Ke7 $14 )
36.Ke3 1-0

[Event "icn3g3r1,Montpellier Echecs-CEI Toulous"]
[Site "?"]
[Date "2003.10.12"]
[Round "?"]
[White "Canterini, Baptiste"]
[Black "Nowocien, A."]
[Result "1-0"]
[WhiteElo "1980"]
[BlackElo "2000"]
[EventDate "2003.11.21"]
[PlyCount "81"]

1.e4 e6 2.d4 d5 3.Nd2 c5 4.exd5 exd5 5.Bb5+ Bd7 6.Qe2+ Be7 7.dxc5 Nf6 8.
Nb3 O-O 9.Be3 Re8 10.Bxd7 Nbxd7 11.O-O-O Nxc5 12.Qb5 a6 13.Qf1 Nxb3+ 14.
cxb3 a5 15.Qb5 a4 16.bxa4 Ra5 17.Qb3 Qd7 18.Ne2 Rxa4 19.Rd4 b5 20.Nc3 Rc4 
21.Rxc4 bxc4 22.Qb5 Qd6 23.Rd1 Rb8 24.Qa5 Qxh2 25.g3 Qh5 26.Nxd5 Nxd5 27.
Qxd5 Qe2 28.Qe5 Re8 29.Qb5 Kf8 30.a4 Qg4 31.Rd4 Qe6 32.Rxc4 Rd8 33.a5 Bd6 
34.Qc6 Qf5 $4 
    ( 34...Qh3 35.Kb1 
        ( 35.Bb6 Qf1+ 36.Kc2 Bc7 37.Bc5+ Kg8 38.Rd4 Qxf2+ 39.Kb1 Qe1+ $11 
        )
    )
35.Qb6 $4 
    ( 35.Bb6 $1 )
35...Ke7 36.Qb7+ Rd7 $2 
    ( 36...Kf8 $11 )
37.Re4+ $2 
    ( 37.Qe4+ Qe6 38.Qxe6+ Kxe6 39.Rc8 Rb7 40.a6 Rb8 41.Rxb8 Bxb8 42.a7 
    Bxa7 43.Bxa7 )
37...Kf6 38.Qa8 Rc7+ 39.Kb1 Re7 40.f3 Bxg3 $4 
    ( 40...Rxe4 41.Qxe4 Qxa5 $14 )
41.Qd8 1-0

[Event "icn3g3r1,Montpellier Echecs-CEI Toulous"]
[Site "?"]
[Date "2003.10.12"]
[Round "?"]
[White "Bouhana, M."]
[Black "Andrianirainy, D."]
[Result "1/2-1/2"]
[WhiteElo "1890"]
[BlackElo "1900"]
[EventDate "2003.11.21"]
[PlyCount "94"]

1.c4 c5 2.g3 Nc6 3.Bg2 Nf6 4.Nc3 g6 5.d3 Bg7 6.e4 d6 7.h3 Bd7 8.f4 Qc8 9.
g4 a6 10.Nge2 Rb8 11.O-O b5 12.f5 b4 13.Nb1 e5 14.Ng3 Nd4 15.Nd2 Bc6 16.
Nf3 Nxf3+ 17.Qxf3 O-O 18.Bg5 Qd8 19.Qe3 Kh8 20.Bf3 h6 21.Bxh6 Nh7 22.Kg2 
Qh4 23.Bxg7+ Kxg7 24.Rh1 Rh8 25.Rh2 Ng5 26.Rah1 a5 27.Be2 a4 28.Nf1 a3 29.
b3 Rbg8 30.Qg3 Kf6 31.Ne3 Rh7 32.Rf1 Ke7 33.Rfh1 Rgh8 34.Qxh4 Rxh4 35.Kg3 
Bb7 36.Ng2 gxf5 37.gxf5 R4h6 38.h4 Nh7 39.Ne3 Nf6 40.Rg1 Bc6 41.Ng2 Be8 
42.Ne1 Kf8 43.Bd1 R6h7 44.Be2 Ke7 45.Bd1 Bc6 46.Bf3 Kf8 47.Nc2 Ke7 1/2-1/2

[Event "icn3g3r1,Montpellier Echecs-CEI Toulous"]
[Site "?"]
[Date "2003.10.12"]
[Round "?"]
[White "Bolon, Karelle"]
[Black "Croze, Yoann"]
[Result "1-0"]
[WhiteElo "2061"]
[BlackElo "1990"]
[EventDate "2003.11.21"]
[PlyCount "55"]

1.e4 e5 2.Nc3 Nf6 3.g3 Bc5 4.Bg2 O-O 5.Nge2 Nc6 6.O-O a6 7.d3 d6 8.Bg5 Be6
9.Nd5 Bxd5 10.exd5 Nd4 11.Nxd4 Bxd4 12.c3 Ba7 13.Qf3 h6 14.Bxf6 Qxf6 15.
Qxf6 gxf6 16.Be4 Rac8 17.Kg2 c6 18.f4 cxd5 19.Bxd5 Rc5 20.c4 Kg7 21.Rf3 
Kg6 22.Raf1 Ra5 23.fxe5 Bd4 $4 
    ( 23...fxe5 $5 )
24.Rxf6+ Kg7 25.Rxf7+ Rxf7 26.Rxf7+ Kg6 27.e6 Rxa2 $4 
    ( 27...Rxd5 $5 )
28.Be4+ 1-0

[Event "R1-D"]
[Site "?"]
[Date "2003.10.12"]
[Round "?"]
[White "Prest, Véronique"]
[Black "Cordier, Michel"]
[Result "0-1"]
[WhiteElo "1160"]
[BlackElo "1450"]
[EventDate "2003.10.15"]
[Annotator "Loures Barousse/Ste Foy d'Aigrefeuille"]
[PlyCount "64"]

1.e4 d6 2.Nf3 Nf6 3.Nc3 g6 4.Bc4 Nbd7 5.d3 Bg7 6.Ng5 Ne5 7.b3 c6 8.Bf4 
Nxc4 9.bxc4 Nd7 10.Bd2 O-O 11.Rb1 Nc5 12.O-O e6 13.Qg4 h5 14.Qg3 d5 15.
cxd5 exd5 16.exd5 cxd5 17.Ne2 b6 18.Bb4 Re8 19.Rfe1 Ne6 20.h4 Bb7 21.Bd2 
d4 22.Rb4 Rc8 23.c3 dxc3 24.Bf4 Nd4 25.Kf1 Nxe2 26.Rxe2 Rxe2 27.Kxe2 Qe7+ 
28.Be3 Qxb4 29.f4 Qb2+ 30.Kf1 c2 31.Kg1 c1=Q+ 32.Kh2 Qcc2 0-1

[Event "R1-D"]
[Site "?"]
[Date "2003.10.12"]
[Round "?"]
[White "Oriot, Patrice"]
[Black "Galby, Vassili"]
[Result "1-0"]
[WhiteElo "2010"]
[BlackElo "1720"]
[EventDate "2003.10.15"]
[Annotator "Loures Barousse/Ste Foy d'Aigrefeuille"]
[PlyCount "65"]

1.e4 c5 2.Nf3 Nc6 3.d3 e6 4.g3 d5 5.Nbd2 Nf6 6.Bg2 Be7 7.O-O O-O 8.c3 b5 
9.Re1 Re8 10.Nf1 h6 11.e5 Nd7 12.d4 Qb6 13.h4 a5 14.Bf4 Ba6 15.Ne3 c4 16.
Bh3 b4 17.Nxd5 exd5 18.Bxd7 Red8 19.Bh3 Bc8 20.e6 Rf8 21.Rb1 f5 22.Qc2 b3 
23.axb3 cxb3 24.Qd3 Ba6 25.Qd2 Kh7 26.Ne5 Nxe5 27.Rxe5 Bc8 28.Bxf5+ Rxf5 
29.Rxf5 Bxe6 30.Re5 Rf8 31.Rbe1 Bd6 32.Rxe6 Bxf4 33.Qd3+ 1-0

[Event "R1-D"]
[Site "?"]
[Date "2003.10.12"]
[Round "?"]
[White "Durand, Stephane"]
[Black "Prest, Arnaud"]
[Result "1-0"]
[WhiteElo "1550"]
[BlackElo "1420"]
[EventDate "2003.10.15"]
[Annotator "Loures Barousse/Ste Foy d'Aigrefeuille"]
[PlyCount "37"]

1.e4 c5 2.Nf3 Nc6 3.c3 e5 4.Bc4 Nf6 5.Ng5 d5 6.exd5 Nxd5 7.d3 Bd6 8.Bxd5 
O-O 9.Qf3 Qd7 10.Nd2 e4 11.Ndxe4 Ne5 12.Nf6+ gxf6 13.Qxf6 Nxd3+ 14.Kd2 Nf4
15.Qh6 Qf5 16.Be4 Qxe4 17.Nxe4 Rd8 18.Nf6+ Kh8 19.Qxh7# 1-0

[Event "R1-D"]
[Site "?"]
[Date "2003.10.12"]
[Round "?"]
[White "Condeminas, Christian"]
[Black "Trier, Marc"]
[Result "1-0"]
[WhiteElo "1560"]
[BlackElo "1640"]
[EventDate "2003.10.15"]
[Annotator "Loures Barousse/Ste Foy d'Aigrefeuille"]
[PlyCount "93"]

1.e4 e6 2.d4 d5 3.Nc3 c5 4.exd5 cxd4 5.Bb5+ Bd7 6.Bxd7+ Qxd7 7.Qxd4 Nf6 8.
Nf3 Nxd5 9.Nxd5 Qxd5 10.Qxd5 exd5 11.O-O Nc6 12.Re1+ Be7 13.c3 O-O 14.Be3 
b5 15.Nd4 Nxd4 16.Bxd4 Rfe8 17.Re5 Bf6 18.Rxd5 Bxd4 19.Rxd4 Re2 20.Rad1 
Kf8 21.R4d2 Rae8 22.Kf1 R2e7 23.Rd8 Re2 24.Rxe8+ Rxe8 25.Rd6 f6 26.Ra6 Re7
27.b3 Rc7 28.Ra5 Rb7 29.b4 Ke7 30.a4 bxa4 31.Rxa4 Kd6 32.Ke2 Kd5 33.Kd3 
Rc7 34.Ra5+ Ke6 35.c4 f5 36.f4 h6 37.Ra6+ Kf7 38.c5 Rb7 39.c6 Rc7 40.b5 
Ke6 41.Kc4 Kd6 42.Ra3 g5 43.Rd3+ Ke6 44.g3 a5 45.Ra3 Ra7 46.b6 Ra6 47.Kb5 
1-0

[Event "R1-D"]
[Site "?"]
[Date "2003.10.12"]
[Round "?"]
[White "Boulogne, Laurent"]
[Black "Ribou, Jacques"]
[Result "0-1"]
[WhiteElo "1790"]
[BlackElo "1840"]
[EventDate "2003.10.15"]
[Annotator "Loures Barousse/Ste Foy d'Aigrefeuille"]
[PlyCount "62"]

1.c4 b6 2.d4 e6 3.Nf3 Nf6 4.g3 Bb7 5.Bg2 d5 6.Nc3 Be7 7.O-O O-O 8.cxd5 
Nxd5 9.Re1 Nxc3 10.bxc3 Nd7 11.a4 Nf6 12.Qb3 c5 13.Ba3 Qc7 14.Ne5 Bxg2 15.
Kxg2 Rfd8 16.Red1 Rac8 17.Rac1 Qb7+ 18.f3 Nd5 19.Nc4 cxd4 20.cxd4 Bxa3 21.
Qxa3 Qa6 22.Qd3 Rxc4 23.Rxc4 Qxc4 24.Qxc4 Ne3+ 25.Kh3 Nxc4 26.Rc1 Rc8 27.
g4 Nd6 28.Ra1 Rc4 29.Kg3 Rxd4 30.Ra3 g6 31.e3 Rb4 0-1

[Event "R1-D"]
[Site "?"]
[Date "2003.10.12"]
[Round "?"]
[White "Ajdari, Emmanuel"]
[Black "Ponsolle, René"]
[Result "0-1"]
[WhiteElo "1520"]
[BlackElo "1510"]
[EventDate "2003.10.15"]
[Annotator "Loures Barousse/Ste Foy d'Aigrefeuille"]
[PlyCount "82"]

1.e4 d5 2.exd5 Qxd5 3.Nc3 Qa5 4.d4 c6 5.Be3 Bf5 6.Bd3 Bxd3 7.Qxd3 e6 8.
O-O-O Nf6 9.f4 Nd5 10.Nge2 Nd7 11.Nxd5 Qxd5 12.Kb1 Nb6 13.g4 g6 14.Nc3 Qd7
15.Ne4 Be7 16.c4 O-O-O 17.c5 Nd5 18.Nc3 Nxc3+ 19.Qxc3 Bf6 20.Qc4 Rhe8 21.
Kc2 Kb8 22.Rd3 Qd5 23.Qxd5 exd5 24.h4 Re4 25.Kd2 Rde8 26.g5 Bd8 27.b4 Bc7 
28.Rf1 f5 29.Ke2 Bxf4 30.Rf3 Bxe3 31.Rdxe3 f4 32.Rxe4 Rxe4+ 33.Kf2 Kc7 34.
Kg2 Rxd4 35.a3 Kd7 36.Kh3 Ke6 37.Kg4 Ke5 38.h5 Re4 39.hxg6 hxg6 40.Rh3 Re3
41.Rh7 Rg3+ 0-1

[Event "Nationale 4"]
[Site "?"]
[Date "2003.10.12"]
[Round "1"]
[White "Viatge, Fabrice"]
[Black "Noailles, Thierry"]
[Result "0-1"]
[WhiteElo "1690"]
[BlackElo "2070"]
[EventDate "2003.10.14"]
[Annotator "Ceit - Muret"]
[PlyCount "62"]

1.d4 b5 2.e3 Bb7 3.Nd2 Nf6 4.Ngf3 a6 5.a4 b4 6.Be2 e6 7.O-O Be7 8.Nb3 O-O 
9.Na5 Be4 10.Nd2 Bg6 11.Nb7 Qc8 12.Bf3 d5 13.Nc5 Bxc5 14.dxc5 Nbd7 15.Nb3 
c6 16.c3 bxc3 17.bxc3 Ne4 18.Bxe4 Bxe4 19.f3 Bg6 20.Ba3 Ne5 21.Nd2 Rb8 22.
e4 dxe4 23.Nxe4 Bxe4 24.fxe4 Rd8 25.Qh5 Qc7 26.Bc1 Ng6 27.Rd1 Rxd1+ 28.
Qxd1 Rd8 29.Qe2 Qe5 30.Qc4 Rd1+ 31.Kf2 Qf6+ 0-1

[Event "Nationale 4"]
[Site "?"]
[Date "2003.10.12"]
[Round "1"]
[White "Rahal, Sami-Antoine"]
[Black "Rigal, Samy"]
[Result "1-0"]
[WhiteElo "1620"]
[BlackElo "1430"]
[EventDate "2003.10.14"]
[Annotator "Ceit - Muret"]
[PlyCount "85"]

1.d4 d5 2.Bf4 Nf6 3.e3 Bf5 4.Bd3 Bxd3 5.Qxd3 Nc6 6.c3 e6 7.Nf3 Bd6 8.Ne5 
O-O 9.Nd2 Nd7 10.Nxc6 bxc6 11.Bxd6 cxd6 12.O-O c5 13.Nf3 c4 14.Qc2 Qa5 15.
b4 Qb5 16.a4 Qb8 17.Ng5 Nf6 18.f4 h6 19.Nf3 Nd7 20.a5 a6 21.g4 g6 22.h4 
Kg7 23.h5 gxh5 24.g5 hxg5 25.Nxg5 Rh8 26.Qg2 Kf8 27.Kf2 h4 28.Ke2 Ke8 29.
f5 Nf8 30.fxe6 fxe6 31.Nxe6 Ra7 32.Qxd5 Re7 33.Qc6+ Nd7 34.Nc7+ Kd8 35.
Nxa6 Qa7 36.Qxd6 Rhe8 37.Rf3 Qb7 38.Raf1 h3 39.d5 Qa7 40.Nc5 h2 41.Ne6+ 
Kc8 42.Qxh2 Qa6 43.Qc7# 1-0

[Event "Nationale 4"]
[Site "?"]
[Date "2003.10.12"]
[Round "1"]
[White "Mendi, Edouardo"]
[Black "Camilleri, Herve"]
[Result "0-1"]
[WhiteElo "1499"]
[BlackElo "1800"]
[EventDate "2003.10.14"]
[Annotator "Ceit - Muret"]
[PlyCount "96"]

1.d4 b6 2.c4 Bb7 3.Nc3 e6 4.e4 Bb4 5.f3 d5 6.cxd5 exd5 7.Bd2 Bxc3 8.Bxc3 
dxe4 9.Qa4+ Qd7 10.Qxd7+ Nxd7 11.O-O-O O-O-O 12.Bc4 exf3 13.Nxf3 f6 14.
Rhe1 Nh6 15.Re2 Rhe8 16.Be6 Kb8 17.Rde1 Nf8 18.Bh3 Rxe2 19.Rxe2 Ng6 20.Bd2
Bd5 21.b3 Kb7 22.Ne1 a5 23.Nd3 Bc6 24.Bc3 Bb5 25.Re3 Bxd3 26.Rxd3 Nf4 27.
Re3 Nd5 28.Rd3 Nxc3 29.Rxc3 Rxd4 30.Kc2 g5 31.Be6 Rd6 32.Re3 f5 33.Re5 Ng4
34.Bd5+ Rxd5 35.Rxd5 Ne3+ 36.Kd3 Nxd5 37.Kd4 Kc6 38.Ke5 Ne3 39.Kf6 f4 40.
Kxg5 Nxg2 41.Kg4 f3 42.Kxf3 Kc5 43.a3 Kd4 44.Kxg2 Kc3 45.b4 axb4 46.axb4 
Kxb4 47.Kg3 c5 48.Kg4 c4 0-1